Comuni della provincia di Vicenza - Statistics

Statistiche generali
  • Questo quiz è stato fatto 1.332 volte
  • Il punteggio medio è 52 su 114
Risposte nella Mappa
Le risposte nella mappa del quiz sottostante sono codificate secondo una scala di colori dal rosso al verde in base alla % di persone che hanno risposto correttamente.
 
Statistiche sulle risposte
Abitanti (2019) Comune % Corretto
110.790 Vicenza
98%
6.453 Asiago
88%
43.412 Bassano del Grappa
87%
39.162 Schio
86%
24.434 Thiene
84%
4.949 Nove
77%
25.569 Arzignano
73%
23.459 Montecchio Maggiore
71%
12.021 Altavilla Vicentina
70%
14.038 Marostica
70%
26.048 Valdagno
69%
8.955 Noventa Vicentina
68%
11.711 Torri di Quartesolo
68%
16.511 Lonigo
67%
13.860 Dueville
66%
14.916 Malo
64%
4.221 Roana
63%
2.368 Gallio
62%
11.362 Creazzo
61%
12.817 Chiampo
60%
1.614 Enego
59%
6.472 Bolzano Vicentino
58%
6.268 Recoaro Terme
58%
14.560 Rosà
57%
7.848 Arcugnano
56%
11.270 Caldogno
55%
10.242 Isola Vicentina
55%
7.681 Costabissara
54%
131 Laghi
53%
8.319 Piovene Rocchette
53%
654 Rotzo
53%
8.458 Sandrigo
53%
3.114 Valli del Pasubio
52%
6.635 Zanè
52%
6.512 Montebello Vicentino
51%
14.290 Romano d'Ezzelino
51%
8.610 Breganze
50%
11.171 Camisano Vicentino
50%
8.749 Trissino
50%
1.266 Valdastico
50%
3.113 Arsiero
49%
690 Foza
49%
4.274 Grisignano di Zocco
49%
9.020 Monticello Conte Otto
49%
3.214 Cogollo del Cengio
48%
4.670 Lusiana Conco
48%
12.847 Tezze sul Brenta
48%
9.513 Marano Vicentino
47%
5.801 Quinto Vicentino
46%
7.651 Sovizzo
46%
5.609 Longare
45%
5.043 Montecchio Precalcino
45%
2.825 Monte di Malo
45%
559 Posina
44%
5.734 Santorso
43%
5.101 Valbrenta
43%
2.494 Chiuppano
42%
2.835 Monteviale
42%
3.108 Nanto
42%
6.643 Brendola
41%
193 Lastebasse
41%
6.136 Villaverla
41%
7.609 Mussolente
40%
3.148 Pove del Grappa
40%
4.293 Sossano
40%
2.509 Caltrano
39%
14.836 Cassola
39%
3.767 Grumolo delle Abbadesse
39%
3.433 Montegalda
39%
8.083 Rossano Veneto
39%
3.636 Lugo di Vicenza
38%
1.789 Montegaldella
38%
5.278 Sarcedo
38%
524 Tonezza del Cimone
38%
2.027 Albettone
37%
6.425 Barbarano Mossano
37%
3.788 Cartigliano
37%
2.224 Altissimo
36%
3.610 Carrè
36%
6.198 Castelgomberto
36%
4.316 Pojana Maggiore
36%
1.896 Solagna
36%
5.884 Torrebelvicino
36%
11.996 Cornedo Vicentino
35%
6.753 Zugliano
35%
2.151 Pianezze
34%
2.331 Velo d'Astico
34%
3.172 Bressanvido
33%
738 Pedemonte
33%
1.589 San Pietro Mussolino
33%
3.590 San Vito di Leguzzano
32%
771 Zovencedo
32%
2.905 Castegnero
31%
6.047 Colceresa
31%
1.316 Crespadoro
31%
2.793 Pozzoleone
31%
3.777 Fara Vicentino
30%
6.740 Sarego
30%
2.615 Schiavon
30%
3.414 Gambellara
28%
1.614 Alonte
27%
3.055 Orgiano
27%
1.034 Salcedo
27%
1.685 Campiglia dei Berici
26%
830 Gambugliano
26%
1.314 Calvene
25%
1.381 Zermeghedo
25%
1.408 Agugliaro
23%
3.982 Brogliano
23%
3.079 Montorso Vicentino
23%
3.083 Val Liona
23%
863 Asigliano Veneto
18%
1.211 Nogarole Vicentino
18%
1.915 Villaga
17%
Nessun quiz corrispondente trovato
Distribuzione punteggi
Percentuale di utenti per punteggio
Percentile per numero di risposta
I tuoi punteggi nel tempo
Non hai fatto questo quiz